A jar of dreams / (Record no. 128)

MARC details
000 -LEADER
fixed length control field 00949nam a22003257a 4500
001 - CONTROL NUMBER
control field 128
003 - CONTROL NUMBER IDENTIFIER
control field FISKH
005 - DATE AND TIME OF LATEST TRANSACTION
control field 20231211141154.0
008 - FIXED-LENGTH DATA ELEMENTS--GENERAL INFORMATION
fixed length control field 230228b cb ||||| |||| 00| 0 eng d
020 ## - INTERNATIONAL STANDARD BOOK NUMBER
International Standard Book Number 9780590489621
040 ## - CATALOGING SOURCE
Original cataloging agency DLC
Transcribing agency DLC
Modifying agency DLC
042 ## - AUTHENTICATION CODE
Authentication code lcac
050 00 - LIBRARY OF CONGRESS CALL NUMBER
Classification number PZ7.U25
Item number Jar
082 00 - DEWEY DECIMAL CLASSIFICATION NUMBER
Edition number 19
100 1# - MAIN ENTRY--PERSONAL NAME
Personal name Uchida, Yoshiko.
245 12 - TITLE STATEMENT
Title A jar of dreams /
Statement of responsibility, etc. Yoshiko Uchida.
250 ## - EDITION STATEMENT
Edition statement 1st ed.
260 ## - PUBLICATION, DISTRIBUTION, ETC.
Place of publication, distribution, etc. New York :
Name of publisher, distributor, etc. Atheneum,
Date of publication, distribution, etc. 1981.
300 ## - PHYSICAL DESCRIPTION
Extent 131 p. ;
Dimensions 22 cm.
500 ## - GENERAL NOTE
General note "A Margaret K. McElderry book."
505 ## - FORMATTED CONTENTS NOTE
Formatted contents note U
520 ## - SUMMARY, ETC.
Summary, etc. A young girl grows up in a closely-knit Japanese American family in California during the 1930's, a time of great prejudice.
521 8# - TARGET AUDIENCE NOTE
Target audience note 970
Source Lexile
521 8# - TARGET AUDIENCE NOTE
Target audience note U
Source Paz-Plus
650 #1 - SUBJECT ADDED ENTRY--TOPICAL TERM
Topical term or geographic name entry element Japanese Americans
General subdivision Fiction.
650 #1 - SUBJECT ADDED ENTRY--TOPICAL TERM
Topical term or geographic name entry element Family life
General subdivision Fiction.
650 #1 - SUBJECT ADDED ENTRY--TOPICAL TERM
Topical term or geographic name entry element Prejudices
General subdivision Fiction.
906 ## - LOCAL DATA ELEMENT F, LDF (RLIN)
a 7
b cbc
c orignew
d 1
e ocip
f 19
g y-gencatlg
942 ## - ADDED ENTRY ELEMENTS (KOHA)
Source of classification or shelving scheme Dewey Decimal Classification
Koha item type Books
Suppress in OPAC No
Holdings
Withdrawn status Lost status Source of classification or shelving scheme Damaged status Not for loan Collection Home library Current library Shelving location Date acquired Total Checkouts Full call number Barcode Date last seen Copy number Price effective from Koha item type Date last checked out
    Dewey Decimal Classification     Fiction Footprints International School Library Network Toul Kork Campus Footprints International School Library Network Toul Kork Campus   02/28/2023   UCH 853 PZ7.U25 FISTK04905 04/22/2025 1 02/28/2023 Books  
    Dewey Decimal Classification     Fiction Footprints International School Library Network Toul Tom Poung Campus Footprints International School Library Network Toul Kork Campus TTP Secondary Fiction Bookshelves 02/28/2023 1 UCH 853 PZ7.U25 FISSE01387 05/07/2025 2 02/28/2023 Books 12/05/2024